000 00953nam a22003017a 4500
001 7577
003 FISKH
005 20250724120640.0
008 250724b cb ||||| |||| 00| 0 eng d
020 _a9780312384500
040 _aDLC
_cDLC
_dDLC
_beng
050 _a PZ7.J7435 H
082 _a813.6
100 1 _aJoosse, Barbara
_d(1949-)
245 1 2 _aA houseful of Christmas /
_cBy Barbara Joosse ; illustrated by Betsy Lewin.
250 _aThis edition first published in 2008
260 _aNew York :
_bSquare fish,
_c2001.
300 _a30 unnumbered pages :
_bcolor illustrations ;
_c26 cm
505 _aJ
520 _aSnowed in after sharing Christmas with Grandma, a houseful of relatives settles in for the night.
521 8 _a480
_bLexile
521 8 _aJ
_bRaz-Plus
650 1 _aFamilies
_vFiction.
650 1 _aGrandmothers
_vFiction.
700 1 _aLewin, Betsy
_eillustrator
942 _2ddc
_cBK
_n0
999 _c7577
_d7577